LEADER 01860nam 2200613Ia 450 001 9910455851003321 005 20200520144314.0 010 $a1-283-22506-9 010 $a9786613225061 010 $a0-7748-5334-4 035 $a(CKB)2430000000000259 035 $a(OCoLC)144143252 035 $a(CaPaEBR)ebrary10134723 035 $a(SSID)ssj0000381808 035 $a(PQKBManifestationID)11297281 035 $a(PQKBTitleCode)TC0000381808 035 $a(PQKBWorkID)10381992 035 $a(PQKB)11742143 035 $a(MiAaPQ)EBC3412140 035 $a(CaPaEBR)404079 035 $a(CaBNvSL)slc00200035 035 $a(MiAaPQ)EBC3245019 035 $a(Au-PeEL)EBL3412140 035 $a(CaPaEBR)ebr10141250 035 $a(CaONFJC)MIL322506 035 $a(OCoLC)923442170 035 $a(EXLCZ)992430000000000259 100 $a20760409d1970 uy 0 101 0 $aeng 135 $aurcn||||||||| 181 $ctxt 182 $cc 183 $acr 200 04$aThe Canadian yearbook of international law, 1970$b[electronic resource] 210 $aVancouver $cUniversity of British Columbia Press [etc.]$d1970 215 $a1 online resource (440 p.) 225 1 $aThe Canadian yearbook of international law,$x0069-0058 ;$vv. 8 300 $aBibliographic Level Mode of Issuance: Monograph 311 $a0-7748-0001-1 410 0$aCanadian yearbook of international law ;$vv. 8. 606 $aInternational law 606 $aLaw 608 $aElectronic books. 615 0$aInternational law. 615 0$aLaw. 676 $a341/.05 712 02$aInternational Law Association.$bCanadian Branch. 801 0$bMiAaPQ 801 1$bMiAaPQ 801 2$bMiAaPQ 906 $aBOOK 912 $a9910455851003321 996 $aThe Canadian yearbook of international law, 1970$92086763 997 $aUNINA